| 000 | 01052cad a22002055a 4500 | ||
|---|---|---|---|
| 001 | L151548 | ||
| 008 | 101116s20101028xxk f 000 0 eng d | ||
| 035 | _a(Sirsi) u151548 | ||
| 041 | 0 | _aeng | |
| 050 | 0 | 4 | _a333.338 $2 18 |
| 110 | 2 |
_aHome Builders Federation _94896 |
|
| 245 | 0 | 0 |
_aBroken ladder _bA Report into the affordability gap faced by first time buyers _h[electronic resource] |
| 260 |
_aLondon _bHBF _c2010 |
||
| 520 | _aAffordability gap faced by first time buyers. Highlights the proportion of salary prospective first time buyers and the length of time first buyers have to save for a deposit in order to be able to get onto the property ladder. Includes comments on regional differences due to higher costs of living in London and the South East. | ||
| 590 | _aKA NTK | ||
| 651 | 4 | _aENGLAND AND WALES | |
| 690 | _aPROPERTY-RESIDENTIAL PROPERTY-DOMESTIC RESIDENTIAL PROPERTY-HOUSING | ||
| 856 | 4 | 0 |
_uhttps://www.hbf.co.uk/fileadmin/documents/Email_Links/Broken_Ladder.pdf _zView this item free of charge at www.hbf.co.uk |
| 942 | _n0 | ||
| 999 |
_c111438 _d111438 |
||